00679nam a2200205 i 450000100060000000300090000600500170001500700030003200800410003502000180007610000210009424501600011526000360027530000260031149000340033750000130037170000220038483000340040685200330044081556ES-MaACL20230906174449.0t|041105s1983 fr ||||1| fre d a2-07-029405-61 aHusserl, Edmund.13aLa crise des sciences européennes et la phénoménologie transcendentale / cEdmund Husserl ; traduit de l'allemand et préfacé par Gérard Granel. a[Paris] : bGallimard, c[1983] aIX, 589 p. ; c23 cm.1 aBibliothèque de philosophie aIndices.1 aGranel, Gérard.0 aBibliothèque de philosophie aES-MaACLjL-12269 bR.115510